Greek and Latin papyri, ostraca, and wooden tablets in the collection of the Brooklyn Museum /

محفوظ في:

المؤلف الرئيسي: Shelton, John C.

مؤلف مشترك: Brooklyn Museum

التنسيق: كتاب

اللغة: English

منشور في: Firenze : Gonnelli, 1992.

سلاسل: Papyrologica Florentina ; 22.
Wilbour monographs ; 10.

الموضوعات:

الوسوم: إضافة وسم

لا توجد وسوم, كن أول من يضع وسما على هذه التسجيلة!

رقم الطلب: PA3305 .B87

LEADER 01170nam a22003377a 4500
003 OSt
005 20250922094841.0
008 250922s1992 it acf g bc 001 0 eng d
010 |a 94183977 
040 |c ARCE Library 
043 |a n-us-ny 
050 1 4 |a PA3305  |b .B87 
100 1 |a Shelton, John C.  
245 1 0 |a Greek and Latin papyri, ostraca, and wooden tablets in the collection of the Brooklyn Museum /  |c by John C. Shelton. 
264 1 |a Firenze :   |b Gonnelli,   |c 1992. 
300 |a xvi, 152 pages, 45 pages of plates :   |b illustrations, portraits ;   |c 31 cm. 
490 1 |a Papyrologica Florentina ;   |v 22. 
490 1 |a Wilbour monographs ;   |v 10. 
500 |a "The tenth of the Brooklyn Museum's Wilbour monographs"--P. V. 
504 |a Includes bibliographical references and indexes. 
610 2 0 |a Brooklyn Museum. 
650 0 |a Manuscripts, Greek (Papyri) 
650 0 |a Manuscripts, Latin (Papyri) 
650 0 |a Ostraka  |v Texts. 
650 0 |a Tablets (Paleography)  |v Texts. 
710 2 |a Brooklyn Museum, 
830 0 |a Papyrologica Florentina ;   |v 22. 
830 0 |a Wilbour monographs ;   |v 10. 
901 |a reviewed 
942 |c BK  |2 lcc 
999 |c 22264  |d 22264